| 000 | 00382 a2200133 4500 | ||
|---|---|---|---|
| 001 | 90327 | ||
| 082 | _a953.1 SAF | ||
| 090 |
_c42647 _d42647 |
||
| 100 | _aSafi Ur Rehman Mubarik Poori Molana | ||
| 245 |
_aTareekh e Makkah Mukarma _cMolana Safi Ur Rehman Mubarak Poori _hUrdu |
||
| 260 |
_aLahore _bDar Us Salam Publishers _c2013 |
||
| 300 | _a184p. | ||
| 500 | _aGeneral Collection | ||
| 942 |
_aCAE NUST _k953.1 SAF |
||
| 999 |
_c325400 _d325400 |
||